Ranger's Apprentice Series - Statistics

General Stats
  • This quiz has been taken 64 times
  • The average score is 10 of 12
Answer Stats
Hint Answer % Correct
#2 The Burning Bridge
91%
#1 The Ruins of Gorlan
91%
#9 Halt's Peril
86%
#3 The Icebound Land
86%
#11 The Lost Stories
86%
#7 Erak's Ransom
80%
#12 The Royal Ranger
80%
#4 Oakleaf Bearers
77%
#10 The Emperor of Nihon-Ja
77%
#6 The Siege of Macindaw
71%
#8 The Kings of Clonmel
68%
#5 The Sorcerer in the North
59%
No matching quizzes found
Score Distribution
Percent of People with Each Score
Percentile by Number Answered
Your Score History
You have not taken this quiz